|
|
|
|
| LEADER |
01120cam a2200277 7i4500 |
| 001 |
0000061246 |
| 005 |
20210826090000.0 |
| 020 |
|
|
|a 9781799801184 (electronic book)
|
| 090 |
0 |
0 |
|a TK145
|b .H463 2020
|
| 245 |
0 |
0 |
|a Handbook of research on recent developments in electrical and mechanical engineering
|c Jamal Zbitou, Catalin Iulian Pruncu, Ahmed Errkik, editors.
|
| 264 |
|
|
|a Hershey, PA:
|b IGI Global,
|c 2020.
|
| 300 |
|
|
|a 1 online resource (553 pages):
|b illustrations, text file, PDF.
|
| 336 |
|
|
|a text
|2 rdacontent
|
| 337 |
|
|
|a computer
|2 rdamedia
|
| 338 |
|
|
|a online resource
|2 rdacarrier
|
| 490 |
0 |
|
|a Advances in computer and electrical engineering (ACEE) book series
|
| 650 |
|
0 |
|a Mechanical engineering
|
| 650 |
|
0 |
|a Electrical engineering
|
| 655 |
|
0 |
|a Electronic books
|
| 700 |
1 |
|
|a Zbitou, Jamal
|
| 700 |
1 |
|
|a Pruncu, Catalin Iulian
|
| 700 |
1 |
|
|a Errkik, Ahmed
|
| 856 |
4 |
2 |
|u http://library.unisel.edu.my/web/guest/mylibrary
|
| 997 |
|
|
|a Engineering & Life Sciences, Faculty
|b Engineering, Department
|
| 998 |
|
|
|a Mechanical Engineering, Degree
|
| 999 |
|
|
|a EBO0006587
|b EBOOK
|c EBOOK
|e Electronic resources
|